Les fables de la Fontaine (Record no. 8716)

MARC details
000 - LÍDER
campo de control de longitud fija 00919nam a2200265Ia 4500
008 - ELEMENTOS DE DATOS DE LONGITUD FIJA - INFORMACIÓN GENERAL
campo de control de longitud fija 0000001996 fr ad 0000000000fre00
020 ## - INTERNATIONAL STANDARD BOOK NUMBER
International Standard Book Number 2711833224
090 ## - NÚMERO DE LLAMADA DE TIPO LC LOCALMENTE ASIGNADO (OCLC)
Número de clasificación (OCLC) (R) PRU00 C31f
100 1# - ENTRADA PRINCIPAL - NOMBRE PERSONAL
Nombre de la persona Chagall, Marc
Fechas asociadas a un nombre 1887
245 10 - TÍTULO DECLARACIÓN
Título Les fables de la Fontaine
Declaración de responsabilidad / Marc Chagall
250 ## - DECLARACIÓN DE EDICIÓN
Sentencia de edición 2a ed.
260 ## - PUBLICACIÓN, DISTRIBUCIÓN
Lugar de publicación Paris : Reunion des Musees Nationaux
Fecha de publicación 1996
300 ## - DESCRIPCIÓN FÍSICA
Alcance 144 p.
Dimensiones / 24 cm.
500 ## - NOTA GENERAL
Nota general Donación sr León Caridi (20080115) \ Exposición realizada en el Musée d'Art Moderne, Céret (Francia), Octubre 28, 1995 Enero 8, 1996
600 00 - ENTRADA DE SUJETO AÑADIDO - NOMBRE PERSONAL
Nombre de la persona CHAGALL, MARC, 18871985/
Subdivisión general TRABAJOS PICTORICOS
650 14 - ENTRADA DE SUJETO AÑADIDO - TÉRMINO TÓPICO
Término tópico o elemento de entrada del nombre geográfico ARTE CONTEMPORANEO RUSO
650 14 - ENTRADA DE SUJETO AÑADIDO - TÉRMINO TÓPICO
Término tópico o elemento de entrada del nombre geográfico ARTE Y LITERATURA
650 14 - ENTRADA DE SUJETO AÑADIDO - TÉRMINO TÓPICO
Término tópico o elemento de entrada del nombre geográfico ARTISTAS PLASTICOS RUSOS
650 14 - ENTRADA DE SUJETO AÑADIDO - TÉRMINO TÓPICO
Subdivisión general CATALOGOS
650 14 - ENTRADA DE SUJETO AÑADIDO - TÉRMINO TÓPICO
Subdivisión general EXPOSICIONES
650 14 - ENTRADA DE SUJETO AÑADIDO - TÉRMINO TÓPICO
Término tópico o elemento de entrada del nombre geográfico FABULAS FRANCESAS
650 14 - ENTRADA DE SUJETO AÑADIDO - TÉRMINO TÓPICO
Término tópico o elemento de entrada del nombre geográfico PINTORES RUSOS
650 14 - ENTRADA DE SUJETO AÑADIDO - TÉRMINO TÓPICO
Término tópico o elemento de entrada del nombre geográfico PINTURA RUSA
700 1# - ENTRADA AGREGADA - NOMBRE PERSONAL
Nombre de la persona La Fontaine, Jean de, 16211695
Holdings
Estado de retirada Pérdida de estatus Estado dañado No para préstamo Código de recogida Ubicación permanente Ubicación actual Ubicación de las estanterías Fecha de adquisición Número de llamada completo Código de barras Fecha de la última vez que se vio Número de copia Precio efectivo desde Tipo de artículo Koha
        General ArtNexus ArtNexus General 06/09/2022 P-RU-00 C31F 8721 06/09/2022 Ej.1 06/09/2022 Libro

Powered by Koha